Fr. Conceicao Rodrigues College of Engineering

Press Brake & Shear Hand book (Record no. 20909)

MARC details
000 -LEADER
fixed length control field 00285nam a2200133Ia 4500
082 ## - DEWEY DECIMAL CLASSIFICATION NUMBER
Classification number 621.9
100 ## - MAIN ENTRY--PERSONAL NAME
Personal name Daniels/H.R
245 ## - TITLE STATEMENT
Title Press Brake & Shear Hand book
260 ## - PUBLICATION, DISTRIBUTION, ETC.
Name of publisher, distributor, etc. Cahners Books
Place of publication, distribution, etc. Boston
Date of publication, distribution, etc. 1974
300 ## - PHYSICAL DESCRIPTION
Extent 186
546 ## - LANGUAGE NOTE
Language note ENGLISH
654 ## - SUBJECT ADDED ENTRY--FACETED TOPICAL TERMS
Focus term Hand book
942 ## - ADDED ENTRY ELEMENTS (KOHA)
Koha item type BOOK
Holdings
Withdrawn status Lost status Damaged status Not for loan Collection Home library Current library Date acquired Cost, normal purchase price Inventory number Total Checkouts Full call number Barcode Date last seen Cost, replacement price Price effective from Koha item type
        AFT Fr. Agnel's C.Rodrigues College of Engineering Fr. Agnel's C.Rodrigues College of Engineering 17/03/2023 121.70 T-156   621.9 AFT1701 17/03/2023 121.70 17/03/2023 BOOK